000 00520nam a2200145Ia 4500
008 230917s9999||||xx |||||||||||||| ||und||
040 _e166300
_aMAIN
041 _aEnglish
082 _a891.43172109 SR92:SR
100 _aशर्मा, रवि
245 0 _aपाश्चात्य काव्य चिन्तन और आचार्य रामचन्द्र शुक्ल
260 _aदिल्ली
_bईशा, ज्ञानदीप
_c2001
300 _a179 पृ. p.
942 _cHN
999 _c108375
_d108375